000 00306nam a22001337a 4500
008 170131b xxu||||| |||| 00| 0 eng d
020 _a9780683004380
041 _aeng
080 _24TH
_a61
100 _a3
101 _aSHMI
245 _aPRINCIPLES OF AMBULATORY MEDICINE
_cBARKER, L.R
942 _2udc
_cBK
999 _c4092
_d4092